|
|
|
|
| LEADER |
00000ny a22000003n 4500 |
| 005 |
20110620124252.0 |
| 006 |
m u |
| 007 |
cr cn||||||||| |
| 008 |
200806r20072008sp |||||s|||||||||||spa d |
| 020 |
|
|
|a 9788498490039
|
| 035 |
|
|
|a 2309
|
| 040 |
|
|
|a FlNmELB
|c FlNmELB
|d vlex
|
| 050 |
1 |
4 |
|a KKT928
|b L527 2007eb
|
| 080 |
|
|
|a 347.7(460)
|
| 090 |
|
|
|c 1380
|d 1380
|
| 100 |
1 |
|
|a Leiñena, Elena
|
| 245 |
1 |
3 |
|a El rǧimen jurd̕ico unificado de la comisin̤ mercantil y el mandato en el derecho de obligaciones y contratos
|h [Recurso electrn̤ico]
|c Elena Leiñena, Nerea Irk̀ulis
|
| 256 |
|
|
|a Servicio en ln̕ea
|
| 260 |
|
|
|a Madrid :
|b Dykinson,
|c [2007]
|
| 506 |
1 |
|
|a Contenido solo disponible en los productos indicados
|d vLex Global
|d vLex Global (Academic Edition, excluding Law Schools)
|d vLex Global (U.S. Academic Edition, Law Schools)
|d vLex Global (U.S. Academic Edition, excluding Law Schools)
|d vLex Global (Academic Edition, Law Schools)
|
| 650 |
0 |
7 |
|2 Tesauro vLex
|a Mercantil
|
| 650 |
0 |
7 |
|2 Tesauro vLex
|a Mandato
|
| 650 |
0 |
7 |
|2 Tesauro vLex
|a Comisin̤ mercantil
|
| 650 |
0 |
7 |
|2 Tesauro vLex
|a Contratos de comisin̤ mercantil
|
| 700 |
1 |
|
|a Irk̀ulis, Nerea,
|e aut
|
| 740 |
0 |
|
|a vLex Libros (Servicios en ln̕ea)
|
| 856 |
4 |
0 |
|z Acceso restringido
|u http://vlex.com/source/2309
|
| 942 |
|
|
|c BOOK
|